[Event "Metz op"]
[Site "Metz"]
[Date "1990.??.??"]
[Round "3"]
[White "Douven, Rudy C"]
[Black "Carlier, Bruno"]
[Result "1-0"]
[WhiteElo "2440"]
[BlackElo "2385"]

1.d4 Nf6 2.Nf3 e6 3.c4 Bb4+ 4.Bd2 a5 5.g3 d6 6.Bg2 Nbd7 7.O-O e5 8.Qc2 O-O
9.Bg5 exd4 10.Nxd4 h6 11.Bf4 Re8 12.Nc3 Nb6 13.Rad1 Qe7 14.b3 c6 15.h3 Bxc3
16.Qxc3 Ne4 17.Qc2 d5 18.f3 Nc5 19.e4 Ne6 20.Nf5 Qf6 21.Nd6 Rd8 22.e5 Qe7
23.Bc1 Rxd6 24.exd6 Qxd6 25.cxd5 cxd5 26.f4 Bd7 27.f5 Rc8 28.Qf2 Nc5 29.f6 Bb5
30.fxg7 Bxf1 31.Rxf1 Qg6 32.Be3 Nd3 33.Qf6 Rc6 34.Qd8+ Kxg7 35.Bd4+ f6 36.Bxb6 Qxg3
37.Qe7+ Kg6 38.Qe8+ Kg7 39.Qe3 Qxe3+ 40.Bxe3 Rc2 41.Bxd5  1-0

[Event "URS-ch U26"]
[Site "Minsk"]
[Date "1990.??.??"]
[Round "?"]
[White "Neverov, Valeriy"]
[Black "Ulibin, Mikhail"]
[Result "1-0"]
[WhiteElo "2505"]
[BlackElo "2500"]

1.d4 e6 2.c4 Nf6 3.Nf3 Bb4+ 4.Bd2 Qe7 5.g3 Nc6 6.Nc3 O-O 7.Bg2 Bxc3 8.Bxc3 Ne4
9.Rc1 d6 10.O-O e5 11.Be1 f5 12.d5 Nd8 13.Nd2 Nxd2 14.Bxd2 f4 15.e3 fxg3
16.fxg3 Rxf1+ 17.Qxf1 Nf7 18.c5 Bg4 19.h3 Bd7 20.cxd6 Qxd6 21.Qc4 Rc8 22.Kh2 Qg6
23.Qc5 Nd6 24.Qxa7 Qd3 25.Bb4 Qe2 26.Qc5 Bf5 27.Qc3 Be4 28.Qd2 Qxd2 29.Bxd2 Rf8
30.Be1 Rf7 31.g4 Bxg2 32.Kxg2 Ne4 33.Rc4 Nd6 34.Ra4 h6 35.Bg3 Re7 36.e4 g5
37.Kf3 Kg7 38.b3 Kf6 39.Ra8 Rf7 40.Ke3 Re7 41.a4 b6 42.Rf8+ Kg7 43.Rb8 Kf6
44.Rf8+ Kg7 45.Ra8 Kf6 46.b4 Re8 47.Rxe8 Nxe8 48.a5 Nd6 49.a6 Nc8 50.Kd3 Na7
51.Kc4 Nc8 52.d6 Ke6 53.dxc7 Nd6+ 54.Kb3 Nc8 55.Ka4 Na7 56.Bf2  1-0

[Event "Moscow1"]
[Site "Moscow"]
[Date "1990.??.??"]
[Round "?"]
[White "Gavrilov, Alexei"]
[Black "Nikolenko, Oleg"]
[Result "1-0"]
[WhiteElo "2370"]
[BlackElo "2385"]

1.d4 e6 2.c4 Nf6 3.Nf3 Bb4+ 4.Bd2 Qe7 5.g3 Nc6 6.Nc3 d5 7.a3 Bxc3 8.Bxc3 O-O
9.Bg2 Rd8 10.O-O a5 11.Qc2 Bd7 12.Ne5 Be8 13.Rfd1 a4 14.Rac1 Rdc8 15.cxd5 exd5
16.Nd3 Na5 17.Bb4 Qd8 18.Qc5 Nd7 19.Qxd5 Nb3 20.Rc2 Qf6 21.Bc3 Rab8 22.Nf4 Rd8
23.Qh5 Qa6 24.d5 Nf6 25.Qh4 Nd7 26.d6 Nf8 27.Qg5 Ng6 28.Nxg6 hxg6 29.Qe5 f6
30.Bd5+ Bf7 31.Bxf7+ Kxf7 32.Qe7+ Kg8 33.Bxf6  1-0

[Event "Moscow2"]
[Site "Moscow"]
[Date "1990.??.??"]
[Round "?"]
[White "Kiselev, Sergey"]
[Black "Ksieski, Zbigniew"]
[Result "1-0"]
[WhiteElo "2450"]
[BlackElo "2395"]

1.d4 Nf6 2.Nf3 e6 3.c4 Bb4+ 4.Bd2 a5 5.g3 d6 6.Bg2 Nbd7 7.O-O e5 8.Nc3 exd4
9.Nxd4 O-O 10.Qc2 Re8 11.Rad1 Ne5 12.b3 c6 13.Bc1 Ng6 14.Na4 Qc7 15.Bb2 Bd7
16.h3 Re5 17.e3 Rae8 18.a3 Bc5 19.Nf3 Bf5 20.Qc1 R5e6 21.Nd4 Bxd4 22.Bxd4 Nd7
23.g4 Be4 24.f3 c5 25.fxe4 cxd4 26.exd4 Nh4 27.Bh1 Nf6 28.Nc3 a4 29.Qg5 Ng6
30.Nxa4 Nxe4 31.Bxe4 Rxe4 32.Nc3 R4e6 33.Nd5 Qd7 34.Qf5 Nh4 35.Qf2 Ng6 36.Rde1 h6
37.a4 Kh7 38.Rxe6 fxe6 39.Nf4 Rf8 40.Qc2 Rf6 41.Nxg6 Rxg6 42.Kh2 Qe7 43.Qe4 Qh4
44.d5 h5 45.Rg1 exd5 46.cxd5 Qg5 47.Rg2 h4 48.Rf2 Qc1 49.b4 Qa3 50.Rg2 Qxa4
51.g5 Qa1 52.Qxh4+ Kg8 53.Qe4 Qe5+ 54.Qxe5 dxe5 55.Rd2 Kf8 56.d6 Ke8 57.h4 Kd7
58.Kg3 Re6 59.h5 Re8 60.Kf3  1-0

[Event "Moscow (Women)"]
[Site "Moscow"]
[Date "1990.??.??"]
[Round "?"]
[White "Timoshchenko, Vera I"]
[Black "Sakhatova, Elvira"]
[Result "0-1"]
[WhiteElo "2160"]
[BlackElo "2290"]

1.d4 Nf6 2.c4 e6 3.Nf3 Bb4+ 4.Bd2 c5 5.e3 O-O 6.Be2 Nc6 7.dxc5 Bxc5 8.Nc3 d5
9.O-O a6 10.cxd5 exd5 11.Rc1 Bd6 12.Qa4 Bd7 13.Qh4 Ne7 14.Qd4 Rc8 15.Rfd1 Bc5
16.Qe5 Re8 17.h3 Nf5 18.Qh2 Bd6 19.g3 d4 20.exd4 Rxc3 21.bxc3 Rxe2 22.Qg2 Ba4  0-1

[Event "New York op2"]
[Site "New York"]
[Date "1990.??.??"]
[Round "?"]
[White "Bonin, Jay R"]
[Black "Ginsburg, Mark"]
[Result "1/2-1/2"]
[WhiteElo "2385"]
[BlackElo "2400"]

1.d4 Nf6 2.c4 e6 3.Nf3 Bb4+ 4.Bd2 Qe7 5.g3 Nc6 6.Bg2 Bxd2+ 7.Nbxd2 d6 8.Nf1 d5
9.Rc1 O-O 10.Ne3 Qb4+ 11.Qd2 Qxd2+ 12.Kxd2 Ne4+ 13.Ke1 Rd8 14.cxd5 exd5 15.Nd2 Nf6
16.Nf3 Ne4 17.Nd2 Nf6 18.Nf3  1/2-1/2

[Event "New York op"]
[Site "New York"]
[Date "1990.??.??"]
[Round "1"]
[White "Wessman, Richard"]
[Black "Denker, Arnold S"]
[Result "1-0"]
[WhiteElo "2505"]
[BlackElo "2320"]

1.d4 Nf6 2.c4 e6 3.Nf3 Bb4+ 4.Bd2 Bxd2+ 5.Qxd2 d5 6.Nc3 O-O 7.e3 b6 8.Rc1 Bb7
9.cxd5 exd5 10.b4 Qe7 11.b5 a6 12.a4 axb5 13.axb5 Nbd7 14.Be2 c5 15.bxc6 Bxc6
16.O-O Rfc8 17.Qb2 Ne4 18.Nd2 Nxd2 19.Qxd2 Nf6 20.Qb2 Qd8 21.Ra1 Ra5 22.Ra3 Rca8
23.Rb3 Rb8 24.Rb1 Nd7 25.h3 h6 26.Bb5 Qf6 27.Bxc6 Qxc6 28.Rb5 Rxb5 29.Qxb5 Qxc3
30.Qxd7 Qc2 31.Rxb6 Ra8 32.Qxd5 Ra1+ 33.Kh2 Qxf2 34.Qf3 Qg1+ 35.Kg3 Rf1 36.Qa8+ Kh7
37.Qe4+ f5 38.Qe6 Qf2+ 39.Kh2 Qe1 40.Qg6+  1-0

[Event "NOR-chT"]
[Site "NOR"]
[Date "1990.??.??"]
[Round "?"]
[White "Diesen, Bruce"]
[Black "Gausel, Einar"]
[Result "1-0"]
[WhiteElo "2350"]
[BlackElo "2440"]

1.d4 Nf6 2.c4 e6 3.Nf3 Bb4+ 4.Bd2 a5 5.g3 O-O 6.Bg2 d6 7.O-O Bxd2 8.Nbxd2 Nbd7
9.Rc1 e5 10.e3 Qe7 11.Qb3 c6 12.Qa3 Re8 13.Rfd1 exd4 14.exd4 Nf8 15.Re1 Be6
16.Ng5 Qd7 17.Nxe6 Nxe6 18.Bh3 d5 19.c5 Qc7 20.Bxe6 Rxe6 21.Rxe6 fxe6 22.Re1 Re8
23.Nb3 a4 24.Qxa4 Ne4 25.Qa5 Qf7 26.f4 Qg6 27.Kg2 Rf8 28.Rf1 Qg4 29.Qe1 Ra8
30.a3 Ra4 31.Rf3 Qf5 32.Qd1 Qf6 33.Rd3 g5 34.Nc1 Ra8 35.Ne2 Rf8 36.Rf3 Qg6
37.Qd3 h6 38.fxg5 Rxf3 39.Qxf3 hxg5 40.Qg4 Qf6 41.Qf3 Qg7 42.Qe3 Qg6 43.b4 Kf7
44.Nc1 Ke7 45.Nd3 Qh5 46.Qf3 Qh7 47.Ne5 Nf6 48.Qd3 Ne4 49.a4 Qg8 50.a5 Qa8
51.g4 Qc8 52.Qh3 Qg8 53.Qh6 Kd8 54.Ng6 Kc7 55.Ne5 Kc8 56.Qh5 Nf6 57.Qh6 Ne4
58.h3 Nc3 59.Qf6 Ne2 60.Nf7 Kd7 61.Ne5+ Kc8 62.a6 bxa6 63.Nxc6 Kc7 64.Ne7 Qd8
65.Qe5+ Kb7 66.Ng6 Qe8 67.Qg7+ Ka8 68.Ne5 Nxd4 69.Qxg5 Qa4 70.Qd8+ Ka7 71.Qc7+ Ka8
72.Qc8+ Ka7 73.Qd7+ Qxd7 74.Nxd7 Nc6 75.g5 Nxb4 76.g6 Nc6 77.Ne5 Ne7 78.Kf3 a5
79.Ke2 a4 80.Kd3 a3 81.Kc2 d4 82.g7 Ka6 83.h4 Kb5 84.h5 Ng8 85.c6 d3+ 86.Nxd3 Kxc6
87.Ne5+ Kd6 88.h6 Nxh6 89.Nf7+ Nxf7 90.g8=Q  1-0

[Event "Novi Sad ol (Men)"]
[Site "Novi Sad"]
[Date "1990.??.??"]
[Round "7"]
[White "Kaabi, Mejdi"]
[Black "Fauland, Alexander"]
[Result "0-1"]
[WhiteElo "2330"]
[BlackElo "2455"]

1.d4 Nf6 2.Nf3 e6 3.c4 Bb4+ 4.Bd2 c5 5.Bxb4 cxb4 6.Qc2 d6 7.e4 e5 8.Nbd2 Nfd7
9.c5 dxc5 10.dxc5 O-O 11.Be2 Nc6 12.O-O Qe7 13.Rac1 Nf6 14.Rfe1 Bg4 15.Bb5 Rfc8
16.h3 Bxf3 17.Nxf3 Nd8 18.Bc4 Nd7 19.Qd2 a5 20.Qd6 Qxd6 21.cxd6 Rc5 22.Bb3 Rac8
23.Rcd1 Kf8 24.Rd2 R8c6 25.Re3 f6 26.Kh2 b5 27.Nh4 Nb6 28.Nf5 Nc4 29.Bxc4 bxc4
30.Ne7 Rb6 31.Nf5 g6 32.Ne7 Nb7 33.a3 c3 34.bxc3 b3 35.Nd5 Rxd5 36.Rxd5 b2
37.Re1 b1=Q 38.Rxb1 Rxb1 39.d7 Ke7 40.d8=Q+ Nxd8 41.Rxa5 Nc6 42.Ra6 Kd6  0-1

[Event "Novi Sad ol (Men)"]
[Site "Novi Sad"]
[Date "1990.??.??"]
[Round "11"]
[White "Khan, Mohd Omer"]
[Black "Pritchett, Craig William"]
[Result "0-1"]
[WhiteElo "2300"]
[BlackElo "2355"]

1.d4 Nf6 2.Nf3 e6 3.c4 Bb4+ 4.Bd2 Qe7 5.g3 Nc6 6.Bg2 Bxd2+ 7.Qxd2 Ne4 8.Qc2 Qb4+
9.Nc3 Nxc3 10.Qxc3 Qxc3+ 11.bxc3 Na5 12.Nd2 Rb8 13.O-O b6 14.Rfb1 Ba6 15.Rb4 Ke7
16.e3 Rhc8 17.Nb3 Nxc4 18.Ra4 Bb5 19.Rxa7 Nd6 20.a4 Bc4 21.Nd2 c6 22.e4 Bd3
23.e5 Nc4 24.Nxc4 Bxc4 25.Be4 Ra8 26.Rb7 b5 27.a5 Ra6 28.h4 Rca8 29.Bxh7 Kd8  0-1

[Event "Novi Sad ol (Men)"]
[Site "Novi Sad"]
[Date "1990.??.??"]
[Round "11"]
[White "Orr, Mark J L"]
[Black "Harandi, Khosro"]
[Result "0-1"]
[WhiteElo "2375"]
[BlackElo "2425"]

1.d4 Nf6 2.Nf3 e6 3.c4 Bb4+ 4.Bd2 Qe7 5.g3 O-O 6.Bg2 d5 7.O-O Ne4 8.a3 Bxd2
9.Nbxd2 Nd6 10.Qc2 c6 11.e4 dxe4 12.Nxe4 Nf5 13.Rfe1 Qc7 14.Rad1 Rd8 15.g4 Ne7
16.c5 Nd7 17.Ne5 Ng6 18.Nxf7 Rf8 19.Nfd6 Nf6 20.Nxf6+ gxf6 21.Nxc8 Qxc8 22.Qe4 Re8
23.f4 Qc7 24.f5 exf5 25.Qxf5 Rxe1+ 26.Rxe1 Rf8 27.d5 Qa5 28.Qe6+ Kg7 29.dxc6 Qxc5+
30.Qe3 Qxe3+ 31.Rxe3 bxc6 32.Bxc6 Ne5 33.Bf3 Rd8 34.Be2 Rd4 35.h3 a5 36.Rb3 Kh6
37.Rb5 Rd2 38.Kf1 Nc6 39.g5+ Kg6 40.Rb6 Nd4 41.Rxf6+ Kxg5 42.Rd6 a4 43.Rd7 h6
44.Bb5 Kf4 45.Bxa4 Ke3 46.Re7+ Kd3 47.b4 Ra2 48.Be8 Rxa3 49.Bg6+ Kc4 50.Kg2 Kxb4
51.h4 Kc5 52.h5 Kd6 53.Re4 Nf3 54.Kf2 Ne5 55.Bf5 Rf3+  0-1

[Event "Novi Sad ol (Men)"]
[Site "Novi Sad"]
[Date "1990.??.??"]
[Round "13"]
[White "Marquez, Raul"]
[Black "Harandi, Khosro"]
[Result "1/2-1/2"]
[WhiteElo "2255"]
[BlackElo "2425"]

1.d4 Nf6 2.Nf3 e6 3.c4 Bb4+ 4.Bd2 Qe7 5.g3 O-O 6.Bg2 d5 7.O-O dxc4 8.Qa4 a5
9.a3 Bd7 10.Bxb4 Qe8 11.Qc2 axb4 12.Qxc4 Na6 13.Ne5 Bb5 14.Qc2 Nd5 15.a4 Bd7
16.Nd2 Qe7 17.Rfc1  1/2-1/2

[Event "Novi Sad ol (Men)"]
[Site "Novi Sad"]
[Date "1990.??.??"]
[Round "13"]
[White "Murugan, Krishnamoorthy"]
[Black "Jussupow, Artur"]
[Result "1/2-1/2"]
[WhiteElo "2425"]
[BlackElo "2605"]

1.d4 Nf6 2.c4 e6 3.Nf3 Bb4+ 4.Bd2 Qe7 5.g3 Nc6 6.Bg2 Bxd2+ 7.Nbxd2 d6 8.O-O O-O
9.e4 e5 10.d5 Nb8 11.b4 a5 12.a3 Na6 13.Qb3 Bg4 14.h3 Bxf3 15.Bxf3 c6 16.Bg2 Rfb8
17.Rfc1 axb4 18.axb4 c5 19.b5 Nb4 20.Nf1 Qd8 21.Ne3 g6 22.Qd1 Kg7 23.Rcb1 h6
24.Qc1 Rxa1 25.Rxa1 Ra8 26.Ra3 Ra5 27.Qa1 Rxa3 28.Qxa3 Qb8 29.h4 b6  1/2-1/2

[Event "Novi Sad ol (Men)"]
[Site "Novi Sad"]
[Date "1990.??.??"]
[Round "13"]
[White "Kaabi, Mejdi"]
[Black "Torres, Luis J"]
[Result "1-0"]
[WhiteElo "2330"]
[BlackElo "2275"]

1.d4 Nf6 2.c4 e6 3.Nf3 Bb4+ 4.Bd2 a5 5.g3 d5 6.Qc2 Ra6 7.Bg2 dxc4 8.O-O b5
9.a4 c6 10.Nc3 Bxc3 11.bxc3 O-O 12.Rfb1 Bb7 13.Ne5 Rb6 14.e4 Nbd7 15.Be3 Nxe5
16.dxe5 Ng4 17.Bd4 Qc7 18.Bc5 Nxe5 19.Bxf8 Kxf8 20.axb5 cxb5 21.Rxa5 Qc5
22.Qb2 Nd3 23.Qa3 Qxa3 24.Rxa3 e5 25.f3 Ke7 26.Bf1 f5 27.Ra5 Bc6 28.exf5 Kf6
29.Bxd3 cxd3 30.Kf2 Kxf5 31.Ke3 h5 32.Rd1 b4 33.cxb4 Rxb4 34.Rxd3 g5 35.Rc3 Bb7
36.Raa3 Bd5 37.Rc5 Bb7 38.Raa5 Rb3+ 39.Kd2 Bxf3 40.Rxe5+ Kg4 41.Rxg5+ Kh3
42.Rxh5+ Bxh5 43.Rxh5+ Kg2 44.g4 Rb4 45.g5 Kf3 46.h4 Rd4+ 47.Kc3 Rg4 48.Rh6 Ke4
49.Kc4 Ke5+ 50.Kc5 Rg1 51.Kc6 Rd1 52.h5 Rc1+ 53.Kd7 Kf5 54.g6 Ra1 55.Rh7 Ra8
56.g7 Kf6 57.h6  1-0

[Event "Novi Sad ol (Men)"]
[Site "Novi Sad"]
[Date "1990.??.??"]
[Round "14"]
[White "Jasnikowski, Zbigniew"]
[Black "Galego, Luis"]
[Result "1-0"]
[WhiteElo "2435"]
[BlackElo "2360"]

1.d4 Nf6 2.c4 e6 3.Nf3 Bb4+ 4.Bd2 c5 5.Bxb4 cxb4 6.g3 O-O 7.Bg2 d6 8.O-O Qe7
9.Qb3 Na6 10.a3 bxa3 11.Qxa3 Qc7 12.Nbd2 e5 13.b4 Bg4 14.b5 Nb8 15.c5 dxc5
16.Qxc5 Qxc5 17.dxc5 Nbd7 18.c6 bxc6 19.bxc6 Nb6 20.Nxe5 Bxe2 21.Rfe1 Bb5
22.c7 Nfd5 23.Rec1 Rae8 24.f4 f6 25.Rc5 Nxc7 26.Rxc7 Rxe5 27.Raxa7 Nd7 28.Bf1 Bxf1
29.Rxd7 Bd3 30.Rxd3 Re2 31.Rdd7  1-0

[Event "Novi Sad ol (Men)"]
[Site "Novi Sad"]
[Date "1990.??.??"]
[Round "14"]
[White "Murugan, Krishnamoorthy"]
[Black "Mokry, Karel"]
[Result "1/2-1/2"]
[WhiteElo "2425"]
[BlackElo "2490"]

1.d4 Nf6 2.c4 e6 3.Nf3 Bb4+ 4.Bd2 c5 5.dxc5 Bxc5 6.e3 O-O 7.Nc3 d5 8.cxd5 exd5
9.Be2 Nc6 10.O-O a6 11.Rc1 Ba7 12.Na4 Qd6 13.Bc3 Ne4 14.Bd4 Nxd4 15.Nxd4 Bd7
16.Nc3 Rac8 17.Bf3 Qe5 18.g3 Bh3 19.Bg2 Bxg2 20.Kxg2 Nxc3 21.Rxc3 Qe4+ 22.Kg1 Bxd4
23.Qxd4 Qxd4 24.exd4 Rxc3 25.bxc3 Rc8 26.Rb1 b5 27.Rb3 g5 28.Ra3 Rc6 29.Ra5 Kf8
30.a4 bxa4 31.Rxd5  1/2-1/2

[Event "NZD-ch"]
[Site "?"]
[Date "1990.??.??"]
[Round "?"]
[White "Green, Peter"]
[Black "Martin, Benjamin"]
[Result "0-1"]
[WhiteElo "2300"]
[BlackElo "2270"]

1.d4 Nf6 2.Nf3 e6 3.c4 Bb4+ 4.Bd2 Bxd2+ 5.Nbxd2 Qe7 6.e4 d6 7.Be2 e5 8.d5 Nbd7
9.b4 O-O 10.O-O c5 11.dxc6 bxc6 12.Qc2 Bb7 13.Rfc1 a5 14.a3 c5 15.b5 a4 16.Bd3 Nh5
17.g3 g6 18.Nh4 Qg5 19.Nf1 Nf4 20.Ne3 Nf6 21.Nd5 N6xd5 22.cxd5 f5 23.exf5 Nxd3
24.Qxd3 gxf5 25.Rd1 Rae8 26.Ng2 f4 27.Qe4 f3 28.Ne1 Rf4 29.Qe3 Qg4 30.h3 Qg6
31.Kf1 Rf6 32.Nxf3 Ref8 33.Nh4 Rxf2+ 34.Qxf2 Rxf2+ 35.Kxf2 Qc2+ 36.Kg1 Qe4
37.Kh2 Bxd5 38.Rd2 c4 39.Rf1 c3 40.Rdf2 Bc4 41.Rf8+ Kg7 42.R1f2 c2 43.Rd8 c1=Q
44.Rd7+ Kh8  0-1

[Event "Orange op"]
[Site "Orange"]
[Date "1990.??.??"]
[Round "3"]
[White "Castel, C."]
[Black "Gentilleau, Jean Philippe"]
[Result "0-1"]
[WhiteElo "1840"]
[BlackElo "2210"]

1.d4 Nf6 2.c4 e6 3.Nf3 Bb4+ 4.Bd2 a5 5.e3 O-O 6.Nc3 b6 7.Bd3 Bb7 8.Qe2 d6
9.O-O Nbd7 10.a3 Bxc3 11.Bxc3 Ne4 12.Bxe4 Bxe4 13.Nd2 Bg6 14.b4 e5 15.dxe5 Nxe5
16.Bxe5 dxe5 17.Rfd1 Qe7 18.b5 Rad8 19.Nb1 Rxd1+ 20.Qxd1 Rd8 21.Qc1 Qc5 22.Nd2 Rd3
23.Nf3 Bh5 24.Qc2 Qd6 25.Ne1 Rd2 26.Qe4 h6 27.g4 Bg6 28.Qa8+ Kh7 29.Qf3 Qc5
30.h4 Qxc4 31.h5 Be4 32.Qg3 Qc3  0-1

[Event "Orange op"]
[Site "Orange"]
[Date "1990.??.??"]
[Round "8"]
[White "Legky, Nikolay A"]
[Black "Spiridonov, Nikola"]
[Result "1-0"]
[WhiteElo "2455"]
[BlackElo "2405"]

1.d4 Nf6 2.c4 e6 3.Nf3 Bb4+ 4.Bd2 c5 5.Bxb4 cxb4 6.g4 d6 7.Nbd2 O-O 8.g5 Nfd7
9.Ne4 Qe7 10.Rg1 e5 11.dxe5 dxe5 12.Bh3 Rd8 13.Qd6 Kf8 14.O-O-O Nc6 15.Qxe7+ Kxe7
16.Nd6 g6 17.Rd5 Nb6 18.Nxc8+ Raxc8 19.Bxc8 Rxc8 20.Rd2 Nxc4 21.Rc2 Nb6 22.Rd1 h6
23.h4 hxg5 24.hxg5 Nd7 25.e3 b6 26.Nd2 Nc5 27.f3 Nb8 28.Ne4 Nbd7 29.Kb1 Rh8
30.Nd6 Rf8 31.f4 exf4 32.exf4 Ne6 33.Nc8+ Kd8 34.Nxa7 Nc5 35.Nc6+ Kc7 36.Nxb4 Re8
37.Nd5+ Kb7 38.b4 Ne6 39.Nc7 Re7 40.Nxe6 fxe6 41.Kb2 b5 42.Re2 Kc7 43.Kb3 Nb6
44.Re5  1-0

[Event "Ostend op"]
[Site "Ostend"]
[Date "1990.??.??"]
[Round "?"]
[White "Hebden, Mark"]
[Black "Rechmann, Peter"]
[Result "0-1"]
[WhiteElo "2530"]
[BlackElo "2355"]

1.d4 Nf6 2.Nf3 e6 3.c4 Bb4+ 4.Bd2 Qe7 5.g3 Nc6 6.Nc3 d5 7.a3 Bxc3 8.Bxc3 O-O
9.b4 dxc4 10.b5 Nd5 11.Bd2 c3 12.Bg5 f6 13.bxc6 fxg5 14.Bg2 bxc6 15.O-O Ba6
16.Ne5 Qd6 17.Nd3 Bxd3 18.Qxd3 c5 19.Bh3 cxd4 20.Rad1 c5 21.e4 Nf6 22.Qxc3 Nxe4
23.Qe1 Nf6 24.Qxe6+ Qxe6 25.Bxe6+ Kh8 26.Rc1 Rfe8 27.Bh3 g4 28.Bg2 Rac8 29.Rfd1 Red8
30.Rc4 Nd7 31.Rdc1 Nb6 32.R4c2 c4 33.Bf1 d3 34.Rd2 Rd4 35.h3 h5 36.hxg4 hxg4
37.Kg2 Rcd8 38.f3 Na4  0-1

[Event "Paris-ch"]
[Site "Paris"]
[Date "1990.??.??"]
[Round "?"]
[White "Pinter, Jozsef"]
[Black "Pira, Davoud"]
[Result "1-0"]
[WhiteElo "2555"]
[BlackElo "2345"]

1.d4 Nf6 2.c4 e6 3.Nf3 Bb4+ 4.Bd2 a5 5.g3 O-O 6.Bg2 d5 7.Qc2 c6 8.O-O b6
9.Bg5 Be7 10.Nbd2 Ba6 11.Rad1 Nbd7 12.Rfe1 h6 13.Bxf6 Nxf6 14.Ne5 Rc8 15.e4 Qc7
16.Nef3 dxc4 17.Nxc4 Rfd8 18.Bh3 Rb8 19.Nce5 Bb4 20.Re3 Bb7 21.a3 Bf8 22.Qc4 b5
23.Qa2 Re8 24.Rc1 c5 25.dxc5 Bxe4 26.b4 axb4 27.axb4 Ra8 28.Qe2 Bxf3 29.Rxf3 Ra7
30.Bg2 Rd8 31.Re1 Rd4 32.Qb2 Qxe5 33.Rxe5 Rd1+ 34.Bf1 Raa1 35.Kg2 Rxf1 36.Qe2 Ng4
37.Rc3  1-0

[Event "World op"]
[Site "Philadelphia"]
[Date "1990.??.??"]
[Round "2"]
[White "Dokhoian, Yury"]
[Black "Wang Yuemin"]
[Result "1-0"]
[WhiteElo "2540"]
[BlackElo "2280"]

1.d4 e6 2.c4 Nf6 3.Nf3 Bb4+ 4.Bd2 a5 5.g3 d6 6.Bg2 Nbd7 7.O-O e5 8.e3 Bxd2
9.Qxd2 O-O 10.Nc3 Re8 11.e4 exd4 12.Nxd4 Nb6 13.b3 a4 14.Rad1 Bg4 15.f3 Bh5
16.Rc1 axb3 17.axb3 Bg6 18.Nd5 c6 19.Ne3 d5 20.exd5 cxd5 21.c5 Nbd7 22.Nef5 Qa5
23.Qxa5 Rxa5 24.Nd6 Rxc5 25.Nxe8 Nxe8 26.Rxc5 Nxc5 27.Rc1 b6 28.b4 Na6 29.Rc8 Kf8
30.Nc6 Bf5 31.Ra8 Nc7 32.Rb8 h5 33.Bf1 f6 34.Bb5 Bd7 35.Rd8 Bxc6 36.Bxc6 Ke7
37.Rd7+ Ke6 38.b5  1-0

[Event "World op"]
[Site "Philadelphia"]
[Date "1990.??.??"]
[Round "4"]
[White "Bonin, Jay R"]
[Black "Lein, Anatoly"]
[Result "1/2-1/2"]
[WhiteElo "2385"]
[BlackElo "2485"]

1.d4 Nf6 2.c4 e6 3.Nf3 Bb4+ 4.Bd2 Bxd2+ 5.Qxd2 O-O 6.Nc3 d5 7.e3 Qe7 8.Bd3 dxc4
9.Bxc4 c5 10.O-O Rd8 11.Qe2 Nc6 12.dxc5 Qxc5 13.Rfd1 Bd7 14.Rd2  1/2-1/2

[Event "World op"]
[Site "Philadelphia"]
[Date "1990.??.??"]
[Round "6"]
[White "Dlugy, Maxim"]
[Black "Lein, Anatoly"]
[Result "1/2-1/2"]
[WhiteElo "2525"]
[BlackElo "2485"]

1.d4 Nf6 2.c4 e6 3.Nf3 Bb4+ 4.Bd2 Bxd2+ 5.Qxd2 d5 6.g3 O-O 7.Bg2 Qe7 8.O-O c6
9.Na3 Nbd7 10.Rfd1 Ne4 11.Qe3 Re8 12.Rac1 Nf8 13.Ne5 Nd6 14.Qc3 f6 15.Nf3 Ne4
16.Qc2 Ng6 17.Nb1 Bd7 18.Nbd2 f5 19.Ne1 Red8 20.Nd3 Be8 21.Nf3 Nd6 22.b3 Nf8
23.Nfe5 Nd7 24.Nxd7 Rxd7 25.e3 Rdd8 26.Re1 g5 27.f3 Bg6 28.Qc3 h5 29.h3 Bh7
30.c5 Nf7 31.e4  1/2-1/2

[Event "World op"]
[Site "Philadelphia"]
[Date "1990.??.??"]
[Round "7"]
[White "Bonin, Jay R"]
[Black "Silman, Jeremy D"]
[Result "1/2-1/2"]
[WhiteElo "2385"]
[BlackElo "2390"]

1.d4 Nf6 2.Nf3 e6 3.c4 Bb4+ 4.Bd2 a5 5.g3 d5 6.Qc2 Nc6 7.Bg2 dxc4 8.Qxc4 Qd5
9.Qxd5 exd5 10.O-O Bf5 11.Bf4 O-O-O 12.a3 Bd6 13.Bxd6 Rxd6 14.Nc3 Re8 15.Rfc1 Ne4
16.Nb5 Rd7 17.b4 Kb8 18.e3 f6 19.Rab1 axb4 20.axb4 Nd6 21.Nxd6 Rxd6 22.Rb2 Bd3
23.Nd2 Na7 24.Nb3 c6 25.Nc5 Bc4 26.Bf1 Bxf1 27.Kxf1 Nb5 28.Na4 Kc7 29.Nc3 Nxc3
30.Rxc3 Ra8 31.b5 Ra5 32.bxc6 bxc6 33.Rcb3 Ra7 34.Rb8 Rd8 35.Rxd8 Kxd8 36.Rb8+ Ke7
37.Rh8 h6 38.Rg8 Kd6 39.h4 Rc7 40.Kg2 Ke6 41.Kf3 h5 42.Rh8 g6 43.e4 Re7 44.exd5+ cxd5
45.Kf4 Ra7 46.Rh6 Ra4 47.Rxg6 Rxd4+ 48.Ke3 Re4+ 49.Kd3 Re5 50.Rg7 Kf5 51.f3 Re1
52.g4+ hxg4 53.fxg4+ Kf4 54.h5 Rh1  1/2-1/2

[Event "URS-chT"]
[Site "Podolsk"]
[Date "1990.??.??"]
[Round "?"]
[White "Anastasian, Ashot"]
[Black "Makarov, Marat"]
[Result "1/2-1/2"]
[WhiteElo "2490"]
[BlackElo "2480"]

1.d4 Nf6 2.Nf3 e6 3.c4 Bb4+ 4.Bd2 Bxd2+ 5.Qxd2 d5 6.Nc3 O-O 7.cxd5 exd5 8.g3 c6
9.Bg2 Re8 10.O-O Ne4 11.Qc2 Bf5 12.Nh4 Nxc3 13.Qxc3 Be6 14.b4 Nd7 15.a4 a5
16.Rfb1 axb4 17.Rxb4 Qa5 18.Rc1 b6 19.Qb2 c5 20.dxc5 bxc5 21.Rf4 Reb8 22.Qa2 c4
23.Nf5 Qc5 24.Qd2 Nf6 25.Ne3 Rxa4 26.Rxf6 gxf6 27.Bxd5 Qb4 28.Qc2 Qb2 29.Bxe6 fxe6
30.Qxa4 Qxc1+ 31.Kg2 Qb1 32.Qxc4 Qb7+ 33.Kh3 Qf7  1/2-1/2

[Event "Prague Metro"]
[Site "Prague"]
[Date "1990.??.??"]
[Round "3"]
[White "Tichy, Vladimir"]
[Black "Spacek, Petr"]
[Result "1/2-1/2"]
[WhiteElo "2380"]
[BlackElo "2410"]

1.d4 Nf6 2.Nf3 e6 3.c4 Bb4+ 4.Bd2 Bxd2+ 5.Qxd2 O-O 6.Nc3 d5 7.e3 b6 8.cxd5 exd5
9.Be2 Bb7 10.O-O Nbd7 11.Qc2 c5  1/2-1/2

[Event "Prague Mladi op"]
[Site "Prague"]
[Date "1990.??.??"]
[Round "6"]
[White "Kiselev, Sergey"]
[Black "Ulibin, Mikhail"]
[Result "1/2-1/2"]
[WhiteElo "2450"]
[BlackElo "2500"]

1.d4 e6 2.c4 Nf6 3.Nf3 Bb4+ 4.Bd2 Qe7 5.g3 Nc6 6.Nc3 O-O 7.Bg2 Bxc3 8.Bxc3 Ne4
9.Qc2 Nxc3 10.Qxc3 d6 11.O-O e5 12.d5 Nd8 13.e4 c5 14.dxc6 Nxc6 15.h3 Be6
16.Rfd1 Rac8 17.Rac1 Rfd8 18.Qe3 b6 19.b3 h6 20.Rc2 Qc7 21.Rcd2 Rd7 22.Nh2 Nd4
23.f4 Qc5 24.Kh1 f6 25.Nf3  1/2-1/2

[Event "Prague Mladi op"]
[Site "Prague"]
[Date "1990.??.??"]
[Round "6"]
[White "Vokac, Marek"]
[Black "Ilinsky, Vladimir"]
[Result "1/2-1/2"]
[WhiteElo "2465"]
[BlackElo "2350"]

1.d4 Nf6 2.c4 e6 3.Nf3 Bb4+ 4.Bd2 Qe7 5.g3 Nc6 6.Bg2 Bxd2+ 7.Nbxd2 d6 8.O-O a5
9.e4 e5 10.d5 Nb8 11.Ne1 O-O 12.Nd3 Na6 13.a3 Bg4 14.f3 Bd7 15.b4 c6 16.Rf2 cxd5
17.cxd5 Bb5 18.Bf1 Bxd3 19.Bxd3 axb4 20.Bxa6 Rxa6 21.axb4 Rxa1 22.Qxa1 Qc7
23.Qa7 Rc8 24.Nf1 g6 25.Kg2 Nd7 26.Ne3 Qb6 27.Qxb6 Nxb6 28.Rc2 Rxc2+ 29.Nxc2 Nc4
30.Kf2 Kf8 31.Ke2 Ke7 32.Kd3 b5 33.Na1 Kd7 34.Nb3 Kc7 35.Nc1 Nb2+ 36.Ke2 Nc4
37.Na2 Na3 38.Kd3 Nc4 39.Nc3 Kb6 40.h4 Nb2+ 41.Ke2 Na4 42.Nd1 Kc7 43.f4 Kd7
44.fxe5 dxe5 45.g4 f6 46.g5 Ke7 47.Kd3 Kf7 48.Ne3 Nb6 49.Ng4 Nd7 50.Nh6+ Kg7
51.Ke2 Kf8 52.Ke3 Kg7 53.Kd3 Kf8 54.Ng4 Kf7 55.gxf6 h5 56.Nf2 Kxf6 57.Nh3 Nb6
58.Ng5 Nc4 59.Ne6 Ke7 60.Ke2 Nd6 61.Kf3 Nc4 62.Ke2  1/2-1/2

[Event "Prague Mladi op"]
[Site "Prague"]
[Date "1990.??.??"]
[Round "9"]
[White "Ikonnikov, Vyacheslav"]
[Black "Kiselev, Sergey"]
[Result "1/2-1/2"]
[WhiteElo "2385"]
[BlackElo "2450"]

1.d4 Nf6 2.Nf3 e6 3.c4 Bb4+ 4.Bd2 Qe7 5.g3 Nc6 6.Nc3 Bxc3 7.Bxc3 Ne4 8.Qc2 Nxc3
9.Qxc3 Qb4 10.Qxb4 Nxb4 11.Kd2  1/2-1/2

[Event "Prestwich"]
[Site "Prestwich"]
[Date "1990.??.??"]
[Round "1"]
[White "Burgess, Graham"]
[Black "Ulibin, Mikhail"]
[Result "1-0"]
[WhiteElo "2335"]
[BlackElo "2500"]

1.d4 e6 2.c4 Nf6 3.Nf3 Bb4+ 4.Bd2 Qe7 5.g3 Nc6 6.Nc3 O-O 7.Bg2 Bxc3 8.Bxc3 Ne4
9.Rc1 d6 10.O-O e5 11.Re1 f5 12.d5 Nd8 13.c5 Nxc3 14.cxd6 Nxe2+ 15.Rxe2 cxd6
16.Rec2 Nf7 17.Rc7 Qf6 18.R1c3 f4 19.Qc1 Bg4 20.gxf4 exf4 21.Rxb7 Bxf3 22.Bxf3 Qg6+
23.Kh1 Ng5 24.Qg1 Rac8 25.Rxc8 Rxc8 26.Bg4 Re8 27.Be6+ Nxe6 28.Qxg6 hxg6
29.dxe6 Rxe6 30.Kg2 a5 31.Kf3 a4 32.Ra7 g5 33.Rxa4 d5 34.Rd4 Re5 35.a4 Kf7
36.a5 Ke6 37.a6 Kd6 38.Ra4 Re8 39.Kg4 Kc5 40.Kxg5 Kb5 41.Ra3 f3 42.a7 Ra8
43.Kf4  1-0

[Event "CRO-Cup"]
[Site "Pula"]
[Date "1990.??.??"]
[Round "?"]
[White "Bukic, Enver"]
[Black "Bogdanovski, Vlatko"]
[Result "1/2-1/2"]
[WhiteElo "2445"]
[BlackElo "2410"]

1.d4 Nf6 2.Nf3 e6 3.c4 Bb4+ 4.Bd2 c5 5.Bxb4 cxb4 6.Nbd2 O-O 7.e3 d6 8.Bd3 e5
9.O-O Nc6 10.Qc2 h6 11.dxe5 dxe5 12.Ne4 Be6 13.Nxf6+ Qxf6 14.Bh7+ Kh8 15.Be4 Rac8
16.b3 b5 17.cxb5 Nd4 18.Qb2 Nxf3+ 19.Bxf3 Bd7 20.Be2 Rb8 21.a4 bxa3 22.Rxa3 Bxb5
23.Bxb5 Rxb5 24.Rxa7 Qb6 25.Ra3 Rb8 26.g3 Qe6 27.Rb1 e4 28.Qa2 Kh7 29.Kg2 Qf5
30.h4  1/2-1/2

[Event "Pula op"]
[Site "Pula"]
[Date "1990.??.??"]
[Round "3"]
[White "Radocaj, Denis"]
[Black "Trifunovic, Miroljub"]
[Result "1-0"]
[WhiteElo "2280"]
[BlackElo "2345"]

1.d4 Nf6 2.c4 e6 3.Nf3 Bb4+ 4.Bd2 c5 5.Bxb4 cxb4 6.g3 b6 7.Bg2 Bb7 8.Qb3 a5
9.a3 Na6 10.O-O O-O 11.Nbd2 d6 12.Rfd1 Qe7 13.Ne1 Bxg2 14.Nxg2 Qb7 15.Qd3 Rfe8
16.Ne3 bxa3 17.bxa3 e5 18.Nf5 e4 19.Qe3 Re6 20.d5 Re5 21.Qg5 Rxf5 22.Qxf5 Nc5
23.Rab1 Qc7 24.Nf1 Re8 25.Ne3 h5 26.Qf4 Re5 27.Rdc1 Qd8 28.Nf5 g6 29.Nd4 g5
30.Nc6 Qf8 31.Qxf6 Nd7 32.Qd8  1-0